Soz-i ʻishq, yā, Rām kalī / (Record no. 61062)

MARC details
000 -LEADER
fixed length control field 00550nam a2200205 i 4500
001 - CONTROL NUMBER
control field sa 64008822
003 - CONTROL NUMBER IDENTIFIER
control field DLC
005 - DATE AND TIME OF LATEST TRANSACTION
control field 20260227112057.0
008 - FIXED-LENGTH DATA ELEMENTS--GENERAL INFORMATION
fixed length control field 850319s1945 pk 00010 urdo
010 ## - LIBRARY OF CONGRESS CONTROL NUMBER
LC control number sa 64008822 //r85
050 0# - LIBRARY OF CONGRESS CALL NUMBER
Classification number PK2199.A8
Item number S68
100 10 - MAIN ENTRY--PERSONAL NAME
Personal name Aslam, Muhammad,
Dates associated with a name 1885-
245 10 - TITLE STATEMENT
Title Soz-i ʻishq, yā, Rām kalī /
Statement of responsibility, etc. Em. Aslam.
260 0# - PUBLICATION, DISTRIBUTION, ETC.
Place of publication, distribution, etc. Lāhaur :
Name of publisher, distributor, etc. Dār al-Balāg̲h̲,
Date of publication, distribution, etc. [1945]
300 ## - PHYSICAL DESCRIPTION
Extent 288 p. ;
Dimensions 19 cm.
500 ## - GENERAL NOTE
General note Novel.
500 ## - GENERAL NOTE
General note In Urdu.
500 ## - GENERAL NOTE
General note Text partially vocalized.
740 01 - ADDED ENTRY--UNCONTROLLED RELATED/ANALYTICAL TITLE
Uncontrolled related/analytical title Rām kalī.

No items available.

Powered by Koha